Khai thác kiểm định gia cố cầu

Công tác sử dụng, bảo quản và tu sửa các công trình cầu. Việc kiểm định các cầu cũ và các giải pháp gia cố cầu

保存先:
書誌詳細
第一著者: Nguyễn, Ngọc Long
フォーマット: 図書
言語:Undetermined
出版事項: Hà Nội Xây dựng 1997
主題:
タグ: タグ追加
タグなし, このレコードへの初めてのタグを付けませんか!
Thư viện lưu trữ: Trung tâm Học liệu Trường Đại học Cần Thơ
LEADER 00789nam a2200205Ia 4500
001 CTU_21263
008 210402s9999 xx 000 0 und d
082 |a 624.25 
082 |b L431 
100 |a Nguyễn, Ngọc Long 
245 0 |a Khai thác kiểm định gia cố cầu 
245 0 |c Nguyễn Ngọc Long, Nguyễn Như Khải, Nguyễn Văn Mợi 
260 |a Hà Nội 
260 |b Xây dựng 
260 |c 1997 
520 |a Công tác sử dụng, bảo quản và tu sửa các công trình cầu. Việc kiểm định các cầu cũ và các giải pháp gia cố cầu 
650 |a Bridges 
650 |x Design and construction 
904 |i Trọng Hải 
980 |a Trung tâm Học liệu Trường Đại học Cần Thơ